| 000 | 00357nam a2200109Ia 4500 | ||
|---|---|---|---|
| 008 | 230320s9999||||xx |||||||||||||| ||spa|| | ||
| 082 | _aTMG/2019/5 | ||
| 100 | _aMedina Nivín, Cynthia Solange | ||
| 245 | 0 | _aLa Gestión De Talento Humano Y El Desempeño Docente En Dos Instituciones Educativas De Lima Metropolitana | |
| 260 | _bPerú, 2019 | ||
| 942 |
_80 _cLIB |
||
| 999 |
_c51447 _d51447 |
||